000 00659nam a2200205 a 4500
005 200902210153555.7
008 960221s1955 dcuabcdjdbkoqu001 0deng d
080 _a621.391.8
_bAPT
100 _aApte, Shaila D
_913382
245 _aDigital signal processing
300 _axxi,466p.
_bCD-ROM included
653 _aDigital signal processing
942 _cBK
260 _aNew Delhi
_bWiley India
_c2009
_913241
500 _a
250 _a2nd ed.
020 _a9788126521425
003 ViArRB
952 _w2010-06-16
_p00063705
_r2013-03-14
_40
_00
_bUL
_m1
_10
_o621.391.8 APT
_d2010-06-16
_q2013-03-30
_70
_cGEN
_2udc
_yBK
_s2013-03-14
_l15
_aUL
999 _c56490
_d56489